Sběratel dívek /

Detektivní příběh, ve kterém mladá policistka odvážně bojuje nejen se zločinem, ale nebojí se jít i proti systému, který brání spravedlnosti.

Uloženo v:
Hlavní autor: Decastelo, René, 1973- (Autor)
Médium: Kniha
Jazyk:Czech
Vydáno: Praha : Cosmopolis, 2026
Vydání:První vydání
Témata:
Celkem bylo vypůjčeno:0x
Tagy:
Žádné tagy
LEADER 01843nam a2200373 i 4500
001 106221
003 CZ PrNK
005 20260428160304.0
007 ta
008 260409s2026 xr g 000 f cze
015 |a cnb003750482 
020 |a 9788027154401  |q (brožováno) :  |c Kč 379,00 
040 |a ABG001  |b cze  |e rda 
072 7 |a 821.162.3-3  |x Česká próza  |2 Konspekt  |9 25 
080 |a 821.162.3-31  |2 MRF 
080 |a (0:82-312.4)  |2 MRF 
100 1 |a Decastelo, René,  |d 1973-  |7 xx0004808  |4 aut  |9 5858 
245 1 0 |a Sběratel dívek /  |c René Decastelo 
250 |a První vydání 
264 1 |a Praha :  |b Cosmopolis,  |c 2026 
300 |a 309 stran ;  |c 21 cm 
336 |a text  |b txt  |2 rdacontent 
337 |a bez média  |b n  |2 rdamedia 
338 |a svazek  |b nc  |2 rdacarrier 
520 2 |a Detektivní příběh, ve kterém mladá policistka odvážně bojuje nejen se zločinem, ale nebojí se jít i proti systému, který brání spravedlnosti.  |b Píše se rok 1986. Daniela Hrubá přijíždí z Prahy převzít vedení kriminálky na malém městě a ocitá se rovnýma nohama přímo ve vyšetřování záhadných zmizení několika dívek. Poklidný socialistický svět je narušen a zatímco se soudruzi snaží udržet zdání bezpečí, vrah si vybírá další oběť. Daniela ví, že začíná závod s časem a kompromisy se nepřipouští. Nakladatelská anotace. 
655 7 |a české romány  |7 fd133974  |2 czenas  |9 54031 
655 7 |a detektivní romány  |7 fd132010  |2 czenas  |9 53536 
655 9 |a Czech fiction  |2 eczenas 
655 9 |a detective novels  |2 eczenas 
710 2 |a Cosmopolis (nakladatelství)  |7 ko20251277653  |4 pbl  |9 117136 
910 |a UOG502 
942 |2 ddc  |c KN 
999 |d 106221 
993 |0 0  |1 421180106947  |2 ddc  |4 0  |7 0  |9 99564  |b 0  |c 106947  |d 2026-04-28  |e 0  |f DOSP  |h 379.00  |i Koupě  |l DOSP  |r 2026-04-28  |t 6  |w 2026-04-28  |y KN  |z KRIMI  |n